00426nam a22001577a 450000500170000000800410001702000180005804100130007608200140008910000120010324500350011525000190015026000440016930000300021365000250024320240910130750.0240910b |||||||| |||| 00| 0 eng d a9780409023732 aEnglish  a346.2 KER lEnglish aThe Law of Agency / cAJ Kerr  aFourth Edition aDurban: bLexisNexis Butterworth,c2006 bxii, 326 pages; c25 cm.  aLegal practice bLaw